Nombra un país valido (X) - Estadísticas

Estadísticas generales
  • Esta prueba ha sido intentada 68 veces
  • La puntuación promedio es 12 de 14
Estadísticas de respuestas
País % Correcto
País con frontera con España Andorra | Francia | Marruecos | Portugal | Reino Unido
100%
País con bandera nórdica (con cruz escandinava) Dinamarca | Finlandia | Islandia | Noruega | Suecia
100%
País con GU Guatemala | Guinea | Guinea-Bissau +2
100%
País hispanohablante con C Chile | Colombia | Costa Rica
98%
País de la UE con L Letonia | Lituania | Luxemburgo
98%
País con TU Túnez | Turkmenistán | Turquía | Tuvalu
97%
País isleño en África Cabo Verde | Comoras | Madagascar | Mauricio +2
95%
País con territorio en la Patagonia Argentina | Chile
89%
País tocando el mar Negro Bulgaria | Georgia | Rumanía | Rusia | Turquía | Ucrania
82%
País que limita con Reino Unido (sin incluir Irlanda) Chipre | España
81%
País Báltico Estonia | Letonia | Lituania
79%
País Santo del Caribe San Cristóbal y Nieves | San Vicente | Santa Lucía
79%
País con una sola frontera con C Catar | Ciudad del Vaticano | Corea del Sur
65%
País que incluye W Kuwait | Taiwán
44%
No se encontraron pruebas coincidentes
Distribución de puntuación
Porcentaje de gente con cada puntuación
Porcentaje por número respondido
Historial de tus puntuaciones
No has intentado esta prueba.